Síntesis y "place and Route" de interfaz acople para un IP de un puerto de alta velocidad
Збережено в:
| Автор: | |
|---|---|
| Інші автори: | |
| Формат: | Книга |
| Мова: | Spanish |
| Опубліковано: |
[San José ], Costa Rica
2015
|
| Предмети: | |
| Теги: |
Додати тег
Немає тегів, Будьте першим, хто поставить тег для цього запису!
|
MARC
| LEADER | 00000nam a22000007a 4500 | ||
|---|---|---|---|
| 003 | 012662 | ||
| 005 | 20230920100640.0 | ||
| 008 | 170927b2015 cr a|||| m||| 00| ||spa d | ||
| 040 | |c cru CEDI | ||
| 090 | |a TFG 7813 | ||
| 100 | |9 936 |a Masís Castillo, José Alejandro,1993- | ||
| 245 | |a Síntesis y "place and Route" de interfaz acople para un IP de un puerto de alta velocidad | ||
| 260 | |a [San José ], Costa Rica |c 2015 | ||
| 300 | |a xi,51 hojas; ilustraciones a color | ||
| 500 | |a Proyecto de graduación (bachillerato en ingeniería eléctrica)--Universidad de Costa Rica. Facultad de Ingeniería. Escuela de Ingeniería Eléctrica | ||
| 501 | |a Profesor Guía de IE-0499 Proyecto Eléctrico: Dr. Lucky Lochi Yu Lo | ||
| 650 | |x CIRCUITOS DE INTERFAZ |x CONECTORES ELECTRICOS |x CIRCUITOS INTEGRADOS |9 9937 | ||
| 700 | |9 828 |a Lochi Yu Lo, Lucky, |d Director de Proyecto Eléctrico | ||
| 942 | |c CEDI | ||
| 999 | |c 19018 |d 19018 | ||
